Word Answers Starting With "Comm-" - Statistics

General Stats
  • This quiz has been taken 71 times
  • The average score is 12 of 22
Answer Stats
Hint Word % Correct
Punctuation mark separating list items comma
98%
Group of people living together or sharing interests community
89%
Person who leads a group or unit commander
83%
To travel regularly between home and work commute
78%
To begin or start something commence
72%
Small collective sharing resources commune
70%
Christian sacrament of sharing bread and wine communion
66%
To honor and remember an event or person commemorate
63%
Uproar or noisy disturbance commotion
63%
A person of ordinary rank or status commoner
61%
To exchange information communicate
61%
Relating to trade or business commercial
56%
To praise formally commend
47%
Elite soldier trained for special missions commando
44%
Group of people appointed to perform a function committee
42%
Raw material or primary traded good commodity
42%
To express sympathy for someone’s suffering commiserate
41%
Military storehouse for food and supplies commissary
36%
Religious or moral rule commandment
34%
Naval officer below captain commodore
33%
Political body of states under shared allegiance commonwealth
27%
Math property: Order of operands is irrelevant commutative
20%
No matching quizzes found
Score Distribution
Percent of People with Each Score
Percentile by Number Answered
Your Score History
You have not taken this quiz